000
00326pab a2200145 454500
008
180718b1999 xxu||||| |||| 00| 0 eng d
100
_a
Bhavani, K.N.
245
_a
Evaluation of cost of nutrients
260
_c
1999
300
_a
p.32-33
362
_a
Jan
650
_a
Nutrients
773
_a
Kurukshetra
909
_a
39833
999
_c
39833
_d
39833